01417nam a2200325 a 4500001001200000003000800012006001900020007001500039008004100054010001700095020002200112040002100134035002100155043001200176050002600188082001700214100001700231245017400248250001200422260005100434300001600485505018000501533015200681600002500833650004600858655002900904710001700933856012600950999001501076ebr10285637CaPaEBRm u cr cn|||||||||080501s2008 cau s 000 0aeng d z 2008019755 z1932361618 (pbk.) aCaPaEBRcCaPaEBR a(OCoLC)472399640 an-us---14aG154.5.P68bA3 2008eb04a910.40922221 aPotts, Rolf.10aMarco Polo didn't go thereh[electronic resource] :bstories and revelations from one decade as a postmodern travel writer : with special commentary track /cRolf Potts. a1st ed. aPalo Alto, Calif. :bTravelers' Tales,cc2008. axix, 323 p.0 apt. 1. Adventures and misadventures -- pt. 2. I'm a tourist, you're a tourist -- pt. 3. The dubious thrill of press trips -- pt. 4. People you don't forget -- pt. 5. Tutorial. aElectronic reproduction.bPalo Alto, Calif. :cebrary,d2013.nAvailable via World Wide Web.nAccess may be limited to ebrary affiliated libraries.10aPotts, RolfxTravel. 0aTravel writerszUnited StatesvBiography. 7aElectronic books.2local2 aebrary, Inc.40uhttp://site.ebrary.com/lib/rucke/Doc?id=10285637zAn electronic book accessible through the World Wide Web; click to view c2026d2026